| 000 | 00387 a2200133 4500 | ||
|---|---|---|---|
| 020 | _a9693518926 | ||
| 040 |
_aDLC _bDLC |
||
| 100 | _aTarar, Mustansar Hussain | ||
| 245 |
_aMUnh wal kaabay sharif _cMustansar Hussain Tarar _h(urdu) |
||
| 260 |
_aLahore: _bSag-e-Meel Publications, _c2006. |
||
| 300 |
_a464 p. ; _c24 cm. |
||
| 650 | _aUrdu literature--Travelogue | ||
| 942 |
_cBK _k910.4 TAR _2ddc |
||
| 999 |
_c9956 _d9956 |
||